| 000 | 00469cam a22001337a 4500 | ||
|---|---|---|---|
| 008 | 180718b2000 xxu||||| |||| 00| 0 eng d | ||
| 100 | _aEstache, Antonio | ||
| 245 |
_aThe long and winding path to pr ivate financing and regulation of toll roads _cby Antonio Estache, Manuel Romero and John Strong |
||
| 260 |
_aWashington, D.C. _bWorld Bank _c2000 |
||
| 300 | _a49p. | ||
| 440 | _aPolicy research working paepr 2387 | ||
| 700 | _aStrong, John | ||
| 700 | _aRomero, Manuel | ||
| 999 |
_c283331 _d283331 |
||